[Event "Belgrade-chT"]
[Site "Belgrade"]
[Date "2014.09.23"]
[Round "4.1"]
[White "Cabrilo, Goran"]
[Black "Svetac, Nenad"]
[Result "1-0"]
[WhiteElo "2419"]
[BlackElo "2235"]
[PlyCount "33"]
[EventDate "2014.09.20"]
[EventType "team-tourn"]
[EventRounds "11"]
[EventCountry "SRB"]
[SourceTitle "CBM 162 Extra"]
[Source "ChessBase"]
[SourceDate "2014.10.17"]
[SourceVersion "1"]
[SourceVersionDate "2014.10.17"]
[SourceQuality "1"]
[WhiteTeam "Belgrade"]
[BlackTeam "Belgrade Sigurnost"]
[WhiteTeamCountry "SRB"]
[BlackTeamCountry "SRB"]

1. e4 d6 2. d4 Nf6 3. f3 e6 4. Nd2 c6 5. c4 Nbd7 6. Nb1 Qe7 7. Be3 b5 8. d5 b4 9. Qd2 Qd8 10. a3 c5 11. Bd3 a6 12. Ne2 a5 13. Nc1 Be7 14. Ne2 Nf8 15. Qc2 Ng6 16. Nd2 Bd7 17. 0-0-0 1-0

[Event "Belgrade-chT"]
[Site "Belgrade"]
[Date "2011.10.01"]
[Round "1.4"]
[White "Svetac, Nenad"]
[Black "Lukovic, Vladimir"]
[Result "1/2-1/2"]
[WhiteElo "2277"]
[BlackElo "2278"]
[PlyCount "72"]
[EventDate "2011.10.01"]
[EventType "team-tourn"]
[EventRounds "11"]
[EventCountry "SRB"]
[SourceTitle "CBM 144 Extra"]
[Source "ChessBase"]
[SourceDate "2011.10.28"]
[SourceVersion "1"]
[SourceVersionDate "2011.10.28"]
[SourceQuality "1"]
[WhiteTeam "Belgrade Sigurnost"]
[BlackTeam "Delfin"]
[WhiteTeamCountry "YUG"]
[BlackTeamCountry "YUG"]

1. e4 e5 2. Nf3 Nc6 3. Bb5 a6 4. Ba4 Nf6 5. 0-0 Be7 6. Re1 b5 7. Bb3 d6 8. c3 0-0 9. h3 Na5 10. Bc2 c5 11. d4 Qc7 12. Nbd2 cxd4 13. cxd4 Nc6 14. d5 Nb4 15. Bb1 a5 16. Nf1 Bd7 17. Bd2 Na6 18. Bc2 Rfc8 19. Rc1 Bd8 20. Bb1 Qa7 21. Be3 Bb6 22. Qd2 Nc5 23. Ng3 a4 24. Qe2 Ne8 25. Nd2 Rc7 26. Nf5 g6 27. Nh6+ Kg7 28. Qf3 f6 29. Nf1 a3 30. bxa3 Na6 31. Ng4 h5 32. Bxb6 Qxb6 33. Qe3 Qxe3 34. Ngxe3 Rxc1 35. Rxc1 Nc5 36. Rc3 Na4 1/2-1/2

[Event "SRB-chT"]
[Site "Belgrade"]
[Date "2010.10.09"]
[Round "9"]
[White "Vrbljanac, Aleksandar"]
[Black "Svetac, Nenad"]
[Result "1-0"]
[WhiteElo "2264"]
[BlackElo "2294"]
[PlyCount "52"]
[EventDate "2010.10.01"]
[EventType "team-tourn"]
[EventRounds "11"]
[EventCountry "YUG"]
[SourceTitle "CBM 138 Extra"]
[Source "ChessBase"]
[SourceDate "2010.10.29"]
[SourceVersion "1"]
[SourceVersionDate "2010.10.29"]
[SourceQuality "1"]

1. e4 d6 2. d4 Nf6 3. Nc3 g6 4. Nf3 Bg7 5. Be2 0-0 6. 0-0 c6 7. Re1 Qc7 8. Bf4 Nh5 9. Bg5 e5 10. h3 Nf4 11. Bxf4 exf4 12. Qd2 Bh6 13. Rad1 f6 14. Bc4+ Kh8 15. e5 d5 16. Bxd5 cxd5 17. Nxd5 Qf7 18. e6 Bxe6 19. Rxe6 Qxe6 20. Nc7 Qe7 21. Nxa8 Nc6 22. Re1 Qg7 23. b4 Rxa8 24. b5 Ne7 25. c4 b6 26. a4 Nf5 1-0

[Event "SRB-chT"]
[Site "Belgrade"]
[Date "2010.10.08"]
[Round "8"]
[White "Svetac, Nenad"]
[Black "Radusinovic, Lazar"]
[Result "1/2-1/2"]
[WhiteElo "2294"]
[BlackElo "2257"]
[PlyCount "54"]
[EventDate "2010.10.01"]
[EventType "team-tourn"]
[EventRounds "11"]
[EventCountry "YUG"]
[SourceTitle "CBM 138 Extra"]
[Source "ChessBase"]
[SourceDate "2010.10.29"]
[SourceVersion "1"]
[SourceVersionDate "2010.10.29"]
[SourceQuality "1"]

1. Nf3 d5 2. c4 c6 3. b3 Bg4 4. Bb2 Nd7 5. g3 Bxf3 6. exf3 e5 7. Bh3 Bd6 8. f4 Ngf6 9. fxe5 Nxe5 10. 0-0 0-0 11. d3 Re8 12. Na3 Bxa3 13. Bxa3 dxc4 14. dxc4 Qa5 15. Bb2 Rad8 16. Qc2 Nf3+ 17. Kg2 Nd4 18. Bxd4 Rxd4 19. Rad1 Red8 20. Rxd4 Rxd4 21. Rd1 Qd8 22. Rxd4 Qxd4 23. Bf5 g6 24. Bd3 Ng4 25. h3 Nxf2 26. Qxf2 Qxd3 27. Qxa7 Qe2+ 1/2-1/2

[Event "SRB-chT"]
[Site "Belgrade"]
[Date "2010.10.02"]
[Round "2"]
[White "Svetac, Nenad"]
[Black "Certic, Branimir"]
[Result "0-1"]
[WhiteElo "2294"]
[BlackElo "2417"]
[PlyCount "138"]
[EventDate "2010.10.01"]
[EventType "team-tourn"]
[EventRounds "11"]
[EventCountry "YUG"]
[SourceTitle "CBM 138 Extra"]
[Source "ChessBase"]
[SourceDate "2010.10.29"]
[SourceVersion "1"]
[SourceVersionDate "2010.10.29"]
[SourceQuality "1"]

1. Nf3 d5 2. c4 e6 3. g3 c6 4. b3 Nf6 5. Bg2 a5 6. 0-0 Nbd7 7. Bb2 a4 8. d3 Qa5 9. Bc3 Bb4 10. Bxb4 Qxb4 11. Nbd2 axb3 12. axb3 Rxa1 13. Qxa1 0-0 14. Rc1 Re8 15. Qc3 Qxc3 16. Rxc3 e5 17. b4 Nf8 18. e3 Bg4 19. Ra3 Bxf3 20. Bxf3 e4 21. Be2 exd3 22. Bxd3 N8d7 23. Ra7 Ne5 24. Be2 dxc4 25. Nxc4 Nxc4 26. Bxc4 Ne4 27. Bd3 Nd6 28. e4 f6 29. f3 Kf7 30. Kf2 Re7 31. g4 g5 32. Kg3 Rd7 33. h4 h6 34. h5 Ke7 35. Kf2 Nc8 36. Ra3 Rd4 37. b5 cxb5 38. Bxb5 Rb4 39. Bd3 Nb6 40. Ke3 Na4 41. f4 gxf4+ 42. Kxf4 Ke6 43. Bc2 Nc5 44. Ra8 Rb2 45. Bd1 Rb1 46. Be2 Rb4 47. Bf3 Kf7 48. Rh8 Ne6+ 49. Ke3 Rb3+ 50. Kf2 Rb2+ 51. Ke3 Nf8 52. Rxh6 Rb5 53. Be2 Re5 54. Rh8 Kg7 55. Rxf8 Kxf8 56. Bc4 Kg7 57. Bd5 b6 58. Kd4 Kh6 59. Bf7 Rg5 60. Be6 Ra5 61. Bf5 Rc5 62. Bd7 Kg5 63. Bf5 Rc1 64. Kd5 b5 65. e5 fxe5 66. Kxe5 b4 67. h6 Kxh6 68. Kf6 Rc6+ 69. Be6 Rxe6+ 0-1

[Event "SRB-chT"]
[Site "Belgrade"]
[Date "2010.10.01"]
[Round "1"]
[White "Zivkovic, Dejan"]
[Black "Svetac, Nenad"]
[Result "1/2-1/2"]
[WhiteElo "2281"]
[BlackElo "2294"]
[PlyCount "28"]
[EventDate "2010.10.01"]
[EventType "team-tourn"]
[EventRounds "11"]
[EventCountry "YUG"]
[SourceTitle "CBM 138 Extra"]
[Source "ChessBase"]
[SourceDate "2010.10.29"]
[SourceVersion "1"]
[SourceVersionDate "2010.10.29"]
[SourceQuality "1"]

1. d4 d6 2. Nf3 Nf6 3. Bg5 c6 4. c4 Bf5 5. Nbd2 Nbd7 6. Nh4 Bg6 7. Nxg6 hxg6 8. e4 e6 9. Bd3 Be7 10. Qc2 Nh5 11. Bxe7 Qxe7 12. 0-0-0 Nf4 13. g3 Nxd3+ 14. Qxd3 g5 1/2-1/2

[Event "Belgrade-chT"]
[Site "Belgrade"]
[Date "2009.10.08"]
[Round "5"]
[White "Svetac, Nenad"]
[Black "Ninov, Nikolai"]
[Result "1/2-1/2"]
[WhiteElo "2285"]
[BlackElo "2562"]
[PlyCount "60"]
[EventDate "2009.10.04"]
[EventType "team-tourn"]
[EventRounds "9"]
[EventCountry "YUG"]
[SourceTitle "CBM 132 Extra"]
[Source "ChessBase"]
[SourceDate "2009.11.03"]
[SourceVersion "1"]
[SourceVersionDate "2009.11.03"]
[SourceQuality "1"]

1. Nf3 c5 2. c4 Nc6 3. g3 g6 4. Bg2 Bg7 5. Nc3 e6 6. e4 Nge7 7. 0-0 a6 8. d3 d6 9. Be3 Nd4 10. Qd2 Nec6 11. Bh6 0-0 12. Bxg7 Nxf3+ 13. Bxf3 Kxg7 14. Bg2 Rb8 15. f4 Nd4 16. Ne2 Qf6 17. Rab1 b5 18. b3 Bd7 19. Nxd4 Qxd4+ 20. Qf2 bxc4 21. dxc4 a5 22. Rbd1 Qxf2+ 23. Rxf2 Rfc8 24. Rxd6 Be8 25. Rfd2 a4 26. R2d3 axb3 27. axb3 Bc6 28. e5 Bxg2 29. Kxg2 Rc7 30. h4 Rbb7 1/2-1/2

[Event "Belgrade Summer op"]
[Site "Belgrade"]
[Date "2009.06.08"]
[Round "6"]
[White "Elez, Nikola"]
[Black "Svetac, Nenad"]
[Result "1-0"]
[WhiteElo "2127"]
[BlackElo "2322"]
[PlyCount "131"]
[EventDate "2009.06.02"]
[EventType "swiss"]
[EventRounds "9"]
[EventCountry "SRB"]
[SourceTitle "EXT 2019"]
[Source "ChessBase"]
[SourceDate "2018.10.10"]
[SourceVersion "1"]
[SourceVersionDate "2018.10.10"]
[SourceQuality "1"]

1. e4 c5 2. b3 d5 3. exd5 Qxd5 4. Nc3 Qd6 5. Bb2 Nf6 6. Bb5+ Nc6 7. Bxc6+ Qxc6 8. Qf3 Bd7 9. d3 Qxf3 10. Nxf3 Bc6 11. Ke2 0-0-0 12. Ne5 Be8 13. Ne4 Nxe4 14. dxe4 f6 15. Ng4 Bc6 16. f3 h5 17. Ne3 e6 18. Rad1 Bd6 19. Nc4 Bb5 20. Ke3 Bc7 21. e5 Bxc4 22. bxc4 f5 23. h4 Rh6 24. Rxd8+ Bxd8 25. Kf4 Rg6 26. g3 Rh6 27. Bc1 Rh8 28. Ke3 g5 29. Ke2 gxh4 30. gxh4 Rg8 31. Bg5 Rg7 32. f4 Bc7 33. Rd1 b6 34. Rd3 Kb7 35. Kd2 Kc6 36. a4 Kb7 37. Kc3 Kc6 38. Kb3 Rg8 39. Rd2 a6 40. Rg2 Bd8 41. c3 Bc7 42. Rb2 Rb8 43. Ra2 Rb7 44. Ra1 Bb8 45. Kc2 Rd7 46. Rb1 Bc7 47. Rb2 Bd8 48. Rb1 Bxg5 49. hxg5 h4 50. Rh1 Rh7 51. Rh3 b5 52. axb5+ axb5 53. Kb3 Rh8 54. cxb5+ Kxb5 55. c4+ Ka5 56. Ka3 Rh7 57. Kb3 Rd7 58. Rxh4 Rd3+ 59. Kc2 Rg3 60. Rh6 Kb4 61. Rxe6 Kxc4 62. Rd6 Rf3 63. g6 Rg3 64. e6 Rg2+ 65. Kb1 Rg1+ 66. Ka2 1-0

[Event "Belgrade Summer op"]
[Site "Belgrade"]
[Date "2009.06.04"]
[Round "3"]
[White "Ruzicic, Sinisa"]
[Black "Svetac, Nenad"]
[Result "0-1"]
[WhiteElo "2008"]
[BlackElo "2322"]
[PlyCount "102"]
[EventDate "2009.06.02"]
[EventType "swiss"]
[EventRounds "9"]
[EventCountry "SRB"]
[SourceTitle "EXT 2019"]
[Source "ChessBase"]
[SourceDate "2018.10.10"]
[SourceVersion "1"]
[SourceVersionDate "2018.10.10"]
[SourceQuality "1"]

1. e4 c5 2. Nf3 d6 3. d4 cxd4 4. Nxd4 Nf6 5. Nc3 Nc6 6. Bc4 e6 7. 0-0 Be7 8. Be3 a6 9. a4 Qc7 10. Nxc6 Qxc6 11. Qd3 0-0 12. Rad1 Ng4 13. Bf4 Ne5 14. Bxe5 dxe5 15. Bb3 b6 16. Nd5 Bc5 17. Qg3 f6 18. Rd3 Kh8 19. Rfd1 Ra7 20. Nc3 Rd7 21. Kh1 Rfd8 22. Kg1 Bd4 23. Re1 Bxc3 24. Rxd7 Rxd7 25. Qxc3 Qxc3 26. bxc3 Rd2 27. Kf1 Kg8 28. Re2 Rd6 29. Ke1 Kf7 30. Rd2 Ke7 31. Rxd6 Kxd6 32. Kd2 Kc5 33. f3 g5 34. Kd3 a5 35. Kd2 Bd7 36. Kd3 h5 37. Kd2 f5 38. Kd3 f4 39. Kd2 b5 40. axb5 Kxb5 41. Kd3 Kc5 42. c4 a4 43. Ba2 Kb4 44. c5 Ka3 45. c6 Bxc6 46. Bxe6 Kb2 47. Kc4 a3 48. Kb4 g4 49. h3 gxf3 50. gxf3 Bxe4 51. fxe4 f3 0-1

[Event "Belgrade Spring op"]
[Site "Belgrade"]
[Date "2009.03.29"]
[Round "7"]
[White "Svetac, Nenad"]
[Black "Dimitrijevic, Radmilo"]
[Result "1/2-1/2"]
[WhiteElo "2322"]
[BlackElo "2218"]
[PlyCount "42"]
[EventDate "2009.03.21"]
[EventType "swiss"]
[EventRounds "9"]
[EventCountry "YUG"]
[SourceTitle "CBM 129 Extra"]
[Source "ChessBase"]
[SourceDate "2009.05.05"]
[SourceVersion "2"]
[SourceVersionDate "2009.05.20"]
[SourceQuality "1"]

1. Nf3 d5 2. g3 c5 3. Bg2 Nc6 4. c4 e6 5. 0-0 Nf6 6. cxd5 exd5 7. d4 Be7 8. Nc3 0-0 9. b3 Ne4 10. Bb2 Bf6 11. Rc1 Nxd4 12. Nxd4 Bxd4 13. Nxe4 Bxb2 14. Rc2 dxe4 15. Rxb2 Qe7 16. Qd5 Re8 17. Rc2 Bg4 18. f3 exf3 19. exf3 Be6 20. Qxc5 Qxc5+ 21. Rxc5 Rac8 1/2-1/2

[Event "Belgrade-chT"]
[Site "Belgrade"]
[Date "2008.10.10"]
[Round "6"]
[White "Todorovic, Goran N"]
[Black "Svetac, Nenad"]
[Result "1/2-1/2"]
[WhiteElo "2387"]
[BlackElo "2328"]
[PlyCount "32"]
[EventDate "2008.10.05"]
[EventType "team-tourn"]
[EventRounds "9"]
[EventCountry "YUG"]
[SourceTitle "CBM 126 Extra"]
[Source "ChessBase"]
[SourceDate "2008.11.05"]
[SourceVersion "1"]
[SourceVersionDate "2008.11.05"]
[SourceQuality "1"]

1. Nf3 Nf6 2. c4 c5 3. Nc3 g6 4. g3 b6 5. Bg2 Bb7 6. 0-0 Bg7 7. d4 cxd4 8. Qxd4 Nc6 9. Qf4 Rc8 10. Rd1 Qc7 11. Qxc7 Rxc7 12. Bf4 d6 13. Rac1 0-0 14. Bg5 Rd7 15. Ne1 h6 16. Be3 e6 1/2-1/2

[Event "Belgrade-chT"]
[Site "Belgrade"]
[Date "2008.10.06"]
[Round "2"]
[White "Mirkovic, Slobodan"]
[Black "Svetac, Nenad"]
[Result "1/2-1/2"]
[WhiteElo "2363"]
[BlackElo "2328"]
[PlyCount "42"]
[EventDate "2008.10.05"]
[EventType "team-tourn"]
[EventRounds "9"]
[EventCountry "YUG"]
[SourceTitle "CBM 126 Extra"]
[Source "ChessBase"]
[SourceDate "2008.11.05"]
[SourceVersion "1"]
[SourceVersionDate "2008.11.05"]
[SourceQuality "1"]

1. e4 d6 2. Nf3 Nf6 3. Nc3 g6 4. d4 Bg7 5. Be2 0-0 6. 0-0 c6 7. a4 Qc7 8. h3 e5 9. dxe5 dxe5 10. Be3 a5 11. Qc1 Nbd7 12. Rd1 Re8 13. Bc4 Nb6 14. Bb3 Be6 15. Bxe6 Rxe6 16. Rd3 Nc4 17. b3 Nxe3 18. Qxe3 Rd8 19. Rad1 Rxd3 20. Qxd3 Bf8 21. Qc4 Rd6 1/2-1/2

[Event "Belgrade Spring op"]
[Site "Belgrade"]
[Date "2008.03.30"]
[Round "6"]
[White "Jakovljevic, Zivota"]
[Black "Svetac, Nenad"]
[Result "1/2-1/2"]
[WhiteElo "2138"]
[BlackElo "2341"]
[PlyCount "45"]
[EventDate "2008.03.25"]
[EventType "swiss"]
[EventRounds "9"]
[EventCountry "YUG"]
[SourceTitle "CBM 123 Extra"]
[Source "ChessBase"]
[SourceDate "2008.05.06"]
[SourceVersion "1"]
[SourceVersionDate "2008.05.06"]
[SourceQuality "1"]

1. d4 Nf6 2. c4 e6 3. Nc3 Bb4 4. Qc2 c5 5. dxc5 Bxc5 6. Nf3 a6 7. e3 b6 8. Be2 Bb7 9. a3 Qc7 10. b4 Be7 11. Bb2 0-0 12. Rc1 d6 13. 0-0 Nbd7 14. Qb3 Rac8 15. Nd2 Qb8 16. Bf3 Ne5 17. Be2 Qa8 18. Na4 Ned7 19. Bf3 Rfd8 20. Rfd1 Bxf3 21. Nxf3 Qb7 22. Nd4 Rc7 23. b5 1/2-1/2

[Event "Belgrade Spring op"]
[Site "Belgrade"]
[Date "2008.03.26"]
[Round "2"]
[White "Dimitrijevic, Radmilo"]
[Black "Svetac, Nenad"]
[Result "1/2-1/2"]
[WhiteElo "2093"]
[BlackElo "2341"]
[PlyCount "75"]
[EventDate "2008.03.25"]
[EventType "swiss"]
[EventRounds "9"]
[EventCountry "YUG"]
[SourceTitle "CBM 123 Extra"]
[Source "ChessBase"]
[SourceDate "2008.05.06"]
[SourceVersion "1"]
[SourceVersionDate "2008.05.06"]
[SourceQuality "1"]

1. e4 d6 2. d4 Nf6 3. Nc3 g6 4. g3 Bg7 5. Bg2 0-0 6. Nge2 e5 7. 0-0 exd4 8. Nxd4 Nc6 9. Be3 Ng4 10. Nxc6 Nxe3 11. Nxd8 Nxd1 12. Raxd1 Rxd8 13. Nd5 Bg4 14. f3 Bd7 15. c3 c6 16. Nf4 Be8 17. Rd2 Kf8 18. Rfd1 Ke7 19. Bf1 b5 20. Ng2 a5 21. Ne3 b4 22. c4 a4 23. Kf2 a3 24. b3 Bc3 25. Rd3 Bb2 26. Re1 f6 27. Rb1 Ra5 28. Nd1 Rda8 29. Rd2 Bf7 30. Nxb2 axb2 31. Rbxb2 Ra3 32. Bd3 c5 33. Bb1 R3a6 34. Rd1 g5 35. Ke3 h6 36. Re1 Be6 37. f4 Ra3 38. g4 1/2-1/2

[Event "Belgrade-chT"]
[Site "Belgrade"]
[Date "2007.??.??"]
[Round "7"]
[White "Grubisic, Zoran"]
[Black "Svetac, Nenad"]
[Result "0-1"]
[WhiteElo "2190"]
[BlackElo "2345"]
[PlyCount "28"]
[EventDate "2007.10.??"]
[EventType "team-tourn"]
[EventRounds "9"]
[EventCountry "YUG"]
[SourceTitle "EXT 2010"]
[Source "ChessBase"]
[SourceDate "2010.11.25"]
[SourceVersion "1"]
[SourceVersionDate "2010.11.25"]
[SourceQuality "1"]

1. c4 c5 2. Nc3 g6 3. Nf3 Bg7 4. g3 Nc6 5. Bg2 d6 6. d3 Bd7 7. e3 a6 8. h3 Rb8 9. a4 Nf6 10. 0-0 0-0 11. d4 Nb4 12. b3 Bf5 13. Ne1 g5 14. dxc5 dxc5 0-1

[Event "Belgrade-chT"]
[Site "Belgrade"]
[Date "2007.??.??"]
[Round "4"]
[White "Mirkovic, Slobodan"]
[Black "Svetac, Nenad"]
[Result "1/2-1/2"]
[WhiteElo "2370"]
[BlackElo "2345"]
[PlyCount "45"]
[EventDate "2007.10.??"]
[EventType "team-tourn"]
[EventRounds "9"]
[EventCountry "YUG"]
[SourceTitle "EXT 2010"]
[Source "ChessBase"]
[SourceDate "2010.11.25"]
[SourceVersion "1"]
[SourceVersionDate "2010.11.25"]
[SourceQuality "1"]

1. e4 d6 2. Nf3 Nf6 3. Nc3 g6 4. d4 Bg7 5. Be2 0-0 6. 0-0 c6 7. a4 Qc7 8. e5 dxe5 9. Nxe5 Nbd7 10. Bf4 Nxe5 11. Bxe5 Qa5 12. Bd3 Be6 13. Re1 Rad8 14. h3 a6 15. Qc1 c5 16. dxc5 Qxc5 17. Qe3 Qxe3 18. Rxe3 Nd5 19. Nxd5 Rxd5 20. Bxg7 Kxg7 21. a5 Rc8 22. b4 Rc7 23. Rae1 1/2-1/2

[Event "Belgrade Spring op"]
[Site "Belgrade"]
[Date "2003.04.01"]
[Round "8"]
[White "Nestorovic, Nikola"]
[Black "Svetac, Nenad"]
[Result "0-1"]
[WhiteElo "2134"]
[BlackElo "2379"]
[PlyCount "92"]
[EventDate "2003.03.25"]
[EventType "swiss"]
[EventRounds "9"]
[EventCountry "YUG"]
[SourceTitle "CBM 093 Extra"]
[Source "ChessBase"]
[SourceDate "2003.05.09"]
[SourceVersion "1"]
[SourceVersionDate "2003.05.09"]
[SourceQuality "1"]

1. e4 d6 2. d4 Nf6 3. Nc3 g6 4. f3 Bg7 5. Be3 c6 6. Qd2 Nbd7 7. 0-0-0 b5 8. e5 b4 9. exf6 bxc3 10. Qxc3 Nxf6 11. Qd2 Be6 12. c4 Rb8 13. Bd3 c5 14. Ne2 Qb6 15. dxc5 dxc5 16. Nc3 0-0 17. Rhe1 Rfd8 18. Qc2 Qa5 19. Qa4 Qc7 20. Qc2 a6 21. g3 Rb4 22. b3 Nd7 23. f4 Rdb8 24. Bd2 R4b6 25. Rf1 Bg4 26. Rde1 e6 27. Ne4 Nf6 28. Ba5 Qd7 29. Nxc5 Qd4 30. Na4 R6b7 31. Bc3 Qd8 32. Nc5 Ra7 33. Ne4 Rd7 34. Nc5 Rd4 35. Nxa6 Rxd3 36. Nxb8 Rxc3 37. Qxc3 Qxb8 38. Re3 Nd5 39. Qd3 Bf5 40. Qd2 Nxe3 41. Qxe3 Qb4 42. Rf2 Bc3 43. Qa7 Qd6 44. Qa8+ Kg7 45. Qf3 Qd4 46. Qe2 Bd2+ 0-1